Chuyện pháp đình (bình luận án)
Sách chọn lọc các sự kiện, các vụ án có thật, phản ánh trung thực đời sống xã hội, có giá trị cả về lý luận và thực tiễn góp phần vào việc hoàn thiện đường lối, chính sách, pháp luật của Đảng và Nhà nước...
保存先:
| 第一著者: | |
|---|---|
| フォーマット: | 図書 |
| 言語: | Vietnamese |
| 出版事項: |
H.
Thông tin và truyền thông
2018
|
| 主題: | |
| タグ: |
タグ追加
タグなし, このレコードへの初めてのタグを付けませんか!
|
| Thư viện lưu trữ: | Thư viện Trường Đại học Nam Cần Thơ |
|---|
| LEADER | 01371nam a22002177a 4500 | ||
|---|---|---|---|
| 001 | NCT_91868 | ||
| 008 | 211018b xxu||||| |||| 00| 0 vie d | ||
| 999 | |c 4538 |d 4538 | ||
| 020 | |a 9786048034801 |c 350000 | ||
| 082 | 0 | 4 | |2 23rd ed. |a 340.597 |b H507 |
| 100 | 1 | |a Đinh Văn Huế | |
| 245 | 1 | 0 | |a Chuyện pháp đình (bình luận án) |c Đinh Văn Huế |
| 260 | |a H. |b Thông tin và truyền thông |c 2018 | ||
| 300 | |a 599 tr. |c 21cm | ||
| 520 | 3 | |a Sách chọn lọc các sự kiện, các vụ án có thật, phản ánh trung thực đời sống xã hội, có giá trị cả về lý luận và thực tiễn góp phần vào việc hoàn thiện đường lối, chính sách, pháp luật của Đảng và Nhà nước | |
| 653 | |a Luật học | ||
| 942 | |2 ddc |c BK | ||
| 952 | |0 0 |1 0 |2 ddc |4 0 |6 340_597000000000000_H507 |7 0 |9 21588 |a 000001 |b 000001 |d 2021-10-18 |o 340.597 H507 |p MD.18856 |r 2021-10-18 |v 350000.00 |w 2021-10-18 |y BK | ||
| 952 | |0 0 |1 0 |2 ddc |4 0 |6 340_597000000000000_H507 |7 0 |9 21589 |a 000001 |b 000001 |d 2021-10-18 |o 340.597 H507 |p MD.18857 |r 2021-10-18 |v 350000.00 |w 2021-10-18 |y BK | ||
| 952 | |0 0 |1 0 |2 ddc |4 0 |6 340_597000000000000_H507 |7 0 |9 21590 |a 000001 |b 000001 |d 2021-10-18 |o 340.597 H507 |p MD.18858 |r 2021-10-18 |v 350000.00 |w 2021-10-18 |y BK | ||
| 980 | |a Thư viện Trường Đại học Nam Cần Thơ | ||


